Normal view
MARC view
- WAYLER, J.L
Entry Personal Name
001 - CONTROL NUMBER
- control field: 76731
003 - CONTROL NUMBER IDENTIFIER
- control field: NUST
005 - DATE AND TIME OF LATEST TRANSACTION
- control field: 20210628205714.0
008 - FIXED-LENGTH DATA ELEMENTS
- fixed length control field: 210628|| aca||aabn | a|a d
040 ## - CATALOGING SOURCE
- Original cataloging agency: NUST
- Transcribing agency: NUST
100 ## - HEADING--PERSONAL NAME
- Personal name: WAYLER, J.L
670 ## - SOURCE DATA FOUND
- Source citation: Work cat.: (NUST): WAYLER, J.L, DICTIONARY OF MECHANICAL, 1978
